| 000 | 00449nam a2200169Ia 4500 | ||
|---|---|---|---|
| 008 | 240729s9999 xx 000 0 und d | ||
| 022 | _a2369-4211 | ||
| 245 | 0 | _aBC TEAL Journal | |
| 260 | _aCanada | ||
| 260 | _bBC TEAL | ||
| 650 | _a Education (General) | Language and Literature | ||
| 650 | _a English language | ||
| 650 | _aEducation | ||
| 856 | _uhttps://doaj.org/toc/95d243d79a474697b2adf34d3bd56e4c | ||
| 942 | _2ddc | ||
| 942 | _cDOAJEJ | ||
| 999 |
_c70562 _d70562 |
||
| 945 |
_a1 _bMadushi Gamage _c1 _dMadushi Gamage |
||